书目信息 |
| 题名: |
轻松快捷学西班牙语
|
|
| 作者: | 哈米特 编著 ;张菊 , 李雪顺 编译 | |
| 分册: | ||
| 出版信息: | 北京 北京语言大学出版社 2006.06 |
|
| 页数: | 264页 | |
| 开本: | 26cm | |
| 丛书名: | 轻松快捷学外语系列 | |
| 单 册: | ||
| 中图分类: | H34 | |
| 科图分类: | ||
| 主题词: | 西班牙语--xi ban ya yu--自学参考资料 | |
| 电子资源: | ||
| ISBN: | 7-5619-1571-3 | |
| 000 | 01094nam 2200277 450 | |
| 001 | 012006280062 | |
| 005 | 20070611100722.98 | |
| 010 | @a7-5619-1571-3@dCNY45.00 | |
| 100 | @a20061210d2006 km y0chiy0120 ea | |
| 101 | 0 | @achi@aspa |
| 102 | @aCN@b110000 | |
| 105 | @aa z 000yy | |
| 200 | 1 | @a轻松快捷学西班牙语@Aqing song kuai jie xue xi ban ya yu@f(西) 哈米特(Hammitt,G.)编著@F(xi)ha mi te(Hammitt,G.)bian zhu@g张菊, 李雪顺编译@Gzhang ju,li xue shun bian yi |
| 210 | @a北京@c北京语言大学出版社@d2006.06 | |
| 215 | @a264页@c图@d26cm | |
| 225 | 2 | @a轻松快捷学外语系列@Aqing song kuai jie xue wai yu xi lie |
| 300 | @a特别赠送便便携式双语双向词汇手册 | |
| 330 | @a本书内容包括“结识他人”、“到达”、“观光”、“娱乐”、“点菜”、“阶段考查”、“在商店”、“重要的服务”等九部分。 | |
| 410 | 0 | @12001 @a轻松快捷学外语系列 |
| 606 | 0 | @a西班牙语@Axi ban ya yu@j自学参考资料 |
| 690 | @aH34@v4 | |
| 701 | 1 | @a哈米特@Aha mi te@g(Hammitt, Gene M.)@4编著 |
| 702 | 0 | @a张菊@Azhang ju@4编译 |
| 702 | 0 | @a李雪顺@Ali xue shun@4编译 |
| 801 | 0 | @aCN@c20070611 |
| 905 | @a10447@dH34@eH023 | |
| 轻松快捷学西班牙语/(西) 哈米特(Hammitt,G.)编著/张菊, 李雪顺编译.-北京:北京语言大学出版社,2006.06 |
| 264页:图;26cm.-(轻松快捷学外语系列) |
| 特别赠送便便携式双语双向词汇手册 |
| ISBN 7-5619-1571-3:CNY45.00 |
| 本书内容包括“结识他人”、“到达”、“观光”、“娱乐”、“点菜”、“阶段考查”、“在商店”、“重要的服务”等九部分。 |
| ● |
| 相关链接 |
|
|
|
正题名:轻松快捷学西班牙语
索取号:H34/H023
 
预约/预借
| 序号 | 登录号 | 条形码 | 馆藏地/架位号 | 状态 | 备注 |
| 1 | 231188 | 202311881 | 语言库209/209语言库 120排2列4层/ [索取号:H34/H023] | 在馆 | |
| 2 | 231189 | 202311890 | 语言库209/209语言库 120排2列4层/ [索取号:H34/H023] | 在馆 | |
| 3 | 231190 | 202311907 | 语言库209/209语言库 120排2列4层/ [索取号:H34/H023] | 在馆 |